Vista normal
Vista MARC
Entrada Topical Term
Número de registros utilizados en: 5
001 - CONTROL NUMBER
- control field: 4982
003 - CONTROL NUMBER IDENTIFIER
- control field: OSt
005 - DATE AND TIME OF LATEST TRANSACTION
- control field: 20230915225807.0
008 - FIXED-LENGTH DATA ELEMENTS
- fixed length control field: 230915|| aca||aabn | a|a d
040 ## - CATALOGING SOURCE
- Original cataloging agency: OSt
- Transcribing agency: OSt
150 ## - HEADING--TOPICAL TERM
- Topical term or geographic name entry element: COMUNICACION (ADMINISTRACION)
670 ## - SOURCE DATA FOUND
- Source citation: Work cat.: (OSt)18260: Lustberg, Arch 4981, Como ganar cuando realmente importa, 1989